| 000 | 00400nam a2200157Ia 4500 | ||
|---|---|---|---|
| 008 | 221030s9999 xx 000 0 und d | ||
| 020 | _a8187522127 | ||
| 041 | _aEnglish | ||
| 082 |
_a105.23 _b225 |
||
| 100 | _aG. S. Baluja | ||
| 245 | 0 |
_aC++ Program Design ( DEPARTMENTAL ) _cby G. S. Baluja |
|
| 260 |
_bKhanna Pub. _aNew Delhi _c2000 |
||
| 300 | _a690 | ||
| 650 | _aCSE Departmental | ||
| 942 | _cBK | ||
| 999 |
_c6654 _d6654 |
||